[Event "BRA-ch U26"]
[Site "Cuiaba"]
[Date "2016.11.04"]
[Round "2"]
[White "Da Silva, Paulo Franca Galvao"]
[Black "Pereira, Ezequias Morais"]
[Result "0-1"]
[WhiteElo "1736"]
[BlackElo "1764"]
[PlyCount "92"]
[EventDate "2016.11.03"]
[EventType "swiss"]
[EventRounds "7"]
[EventCountry "BRA"]
[SourceTitle "CBM 175 Extra"]
[Source "ChessBase"]
[SourceDate "2016.12.12"]
[SourceVersion "1"]
[SourceVersionDate "2016.12.12"]
[SourceQuality "1"]

1. e4 c5 2. Nf3 Nc6 3. Nc3 d6 4. d4 cxd4 5. Nxd4 Nf6 6. Bc4 e6 7. Bg5 a6 8. Nde2 Be7 9. 0-0 b5 10. Bd3 0-0 11. f4 h6 12. Bh4 Ng4 13. Bf2 Nxf2 14. Rxf2 Qb6 15. Qe1 Rd8 16. Kh1 Bh4 17. g3 Bf6 18. Rg2 b4 19. Nd1 e5 20. f5 Ne7 21. g4 d5 22. h4 dxe4 23. Bxe4 Bb7 24. Bxb7 Qxb7 25. Kh2 g5 26. fxg6 Nxg6 27. g5 hxg5 28. hxg5 Be7 29. Ng1 Kg7 30. Ne3 Rh8+ 31. Nh3 Rxh3+ 32. Kxh3 Nf4+ 33. Kg3 Nxg2 34. Nxg2 Qc7 35. Nh4 Bxg5 36. Qxb4 Bf4+ 37. Kg4 Qd7+ 38. Nf5+ Kg6 39. Qe4 Rg8 40. Kf3 Qxf5 41. Rg1+ Bg5+ 42. Qxf5+ Kxf5 43. Rg4 Rc8 44. c4 Bf4 45. b3 e4+ 46. Ke2 Kxg4 0-1

[Event "BRA-ch U26"]
[Site "Cuiaba"]
[Date "2016.11.03"]
[Round "1"]
[White "Pereira, Ezequias Morais"]
[Black "Garcia, Gabriel Gonzaga"]
[Result "0-1"]
[WhiteElo "1764"]
[BlackElo "2169"]
[PlyCount "92"]
[EventDate "2016.11.03"]
[EventType "swiss"]
[EventRounds "7"]
[EventCountry "BRA"]
[SourceTitle "CBM 175 Extra"]
[Source "ChessBase"]
[SourceDate "2016.12.12"]
[SourceVersion "1"]
[SourceVersionDate "2016.12.12"]
[SourceQuality "1"]

1. d4 Nf6 2. c4 e6 3. Nf3 Bb4+ 4. Bd2 Qe7 5. g3 b6 6. a3 Bxd2+ 7. Nbxd2 Bb7 8. Bg2 0-0 9. 0-0 d6 10. Qc2 c5 11. e3 Nbd7 12. Rfe1 Rfc8 13. e4 b5 14. d5 bxc4 15. Nxc4 exd5 16. exd5 Qf8 17. Ng5 Nb6 18. Nxb6 axb6 19. Rad1 Re8 20. Rxe8 Qxe8 21. Ne4 Nxe4 22. Bxe4 g6 23. Bg2 Qa4 24. Qd2 Re8 25. Bf3 Re5 26. Qc3 Bxd5 27. Rxd5 Rxd5 28. Bxd5 Qd1+ 29. Kg2 Qxd5+ 30. Kg1 c4 31. h4 h5 32. Kh2 b5 33. Qe3 Qe5 34. Qd2 d5 35. a4 bxa4 36. Qa5 Qe2 37. Kg2 d4 38. Qxa4 Qe4+ 39. Kh2 d3 40. Qa5 Qf3 41. Qd8+ Kg7 42. Qd4+ Qf6 43. Qxc4 Qxf2+ 44. Kh3 d2 45. Qc3+ Kh7 46. Qb3 Qf1+ 0-1

[Event "BRA-ch U18"]
[Site "Tres Rios"]
[Date "2014.05.11"]
[Round "6"]
[White "Pereira, Ezequias Morais"]
[Black "Gardim, Leonardo D'Almada"]
[Result "1/2-1/2"]
[WhiteElo "1773"]
[BlackElo "1620"]
[PlyCount "60"]
[EventDate "2014.05.08"]
[EventType "swiss"]
[EventRounds "6"]
[EventCountry "BRA"]
[SourceTitle "EXT 2018"]
[Source "ChessBase"]
[SourceDate "2017.10.13"]
[SourceVersion "1"]
[SourceVersionDate "2017.10.13"]
[SourceQuality "1"]

1. d4 Nf6 2. Nf3 g6 3. e3 Bg7 4. Bd3 0-0 5. 0-0 d6 6. h3 Nfd7 7. Qe2 e5 8. dxe5 Nxe5 9. Nxe5 Bxe5 10. Nd2 Bg7 11. Nf3 Nd7 12. c3 a5 13. e4 Ne5 14. Nxe5 Bxe5 15. Bh6 Bg7 16. Bxg7 Kxg7 17. f4 Kg8 18. Qf3 Qf6 19. Rae1 Rb8 20. Rf2 Bd7 21. Qg3 Rbe8 22. Rfe2 Re7 23. e5 dxe5 24. Rxe5 Rfe8 25. Rxe7 Rxe7 26. Rxe7 Qxe7 27. Qf2 Bc6 28. f5 Qd6 29. fxg6 hxg6 30. Bc4 Qd1+ 1/2-1/2

[Event "BRA-ch U18"]
[Site "Tres Rios"]
[Date "2014.05.10"]
[Round "4"]
[White "Ribeiro Carrico, Victor Hugo"]
[Black "Pereira, Ezequias Morais"]
[Result "1-0"]
[WhiteElo "1791"]
[BlackElo "1773"]
[PlyCount "113"]
[EventDate "2014.05.08"]
[EventType "swiss"]
[EventRounds "6"]
[EventCountry "BRA"]
[SourceTitle "EXT 2018"]
[Source "ChessBase"]
[SourceDate "2017.10.13"]
[SourceVersion "1"]
[SourceVersionDate "2017.10.13"]
[SourceQuality "1"]

1. e4 c5 2. Nf3 Nc6 3. d4 cxd4 4. Nxd4 e5 5. Nb5 a6 6. Nd6+ Bxd6 7. Qxd6 Qf6 8. Qxf6 Nxf6 9. Nc3 Nb4 10. Bd3 Nxd3+ 11. cxd3 h6 12. Be3 d6 13. d4 0-0 14. d5 Bd7 15. Bb6 Rac8 16. f3 Ne8 17. Kd2 f5 18. Rac1 Nf6 19. Rc2 fxe4 20. fxe4 Rc4 21. a3 Ne8 22. Rhc1 Rf6 23. Kd3 Rc8 24. Ne2 Rxc2 25. Rxc2 Bb5+ 26. Ke3 Bd7 27. Ng3 g6 28. Rc1 Rf7 29. Nf1 Kf8 30. Nd2 Bb5 31. Nb3 Nf6 32. h3 Nd7 33. Bc7 Ke7 34. Na5 Rf1 35. Rxf1 Bxf1 36. Nxb7 Bxg2 37. Bxd6+ Kf6 38. h4 g5 39. hxg5+ Kxg5 40. b4 h5 41. Nc5 Nb6 42. Bxe5 Nc4+ 43. Kd4 Nxe5 44. Kxe5 Bf3 45. a4 h4 46. Ne6+ Kg4 47. Nf4 h3 48. Nxh3 Kxh3 49. b5 axb5 50. axb5 Be2 51. b6 Ba6 52. d6 Bc8 53. b7 Bxb7 54. d7 Kg3 55. d8Q Bxe4 56. Qg5+ Kf3 57. Qf4+ 1-0

[Event "BRA-ch U18"]
[Site "Tres Rios"]
[Date "2014.05.08"]
[Round "1"]
[White "Carneiro, Vitor Roberto Castr"]
[Black "Pereira, Ezequias Morais"]
[Result "1-0"]
[WhiteElo "2234"]
[BlackElo "1773"]
[PlyCount "105"]
[EventDate "2014.05.08"]
[EventType "swiss"]
[EventRounds "6"]
[EventCountry "BRA"]
[SourceTitle "EXT 2018"]
[Source "ChessBase"]
[SourceDate "2017.10.13"]
[SourceVersion "1"]
[SourceVersionDate "2017.10.13"]
[SourceQuality "1"]

1. e4 c5 2. Nf3 Nc6 3. d4 cxd4 4. Nxd4 e5 5. Nb5 a6 6. Nd6+ Bxd6 7. Qxd6 Qf6 8. Qxf6 Nxf6 9. Nc3 Nb4 10. Kd2 d6 11. a3 Nc6 12. Ke1 0-0 13. Be3 Be6 14. Bb6 d5 15. exd5 Nxd5 16. Nxd5 Bxd5 17. Rd1 Be6 18. Be2 Rac8 19. c4 Rfe8 20. b3 Nb8 21. f3 Nd7 22. Be3 Nf8 23. Kf2 Red8 24. Rxd8 Rxd8 25. b4 Bf5 26. b5 axb5 27. cxb5 Ra8 28. Ra1 Ne6 29. a4 Nd4 30. Bxd4 exd4 31. a5 d3 32. Bd1 Bd7 33. a6 bxa6 34. bxa6 Kf8 35. Ke3 Ke7 36. a7 Kd6 37. Kxd3 Kc5 38. f4 Kb6 39. Kd4 Rxa7 40. Rxa7 Kxa7 41. Kc5 Be6 42. Bc2 g6 43. Kd6 Kb6 44. Ba4 Bc4 45. Be8 f5 46. g3 Be2 47. Bf7 Bg4 48. Ke5 Kc5 49. Kf6 Kd4 50. Bg8 Ke3 51. Bxh7 Kf2 52. Bxg6 Kg2 53. Bxf5 1-0

[Event "Cordeiropolis op 3rd"]
[Site "Cordeiropolis"]
[Date "2013.08.31"]
[Round "4"]
[White "De Assis, Wendel Rodrigo"]
[Black "Pereira, Ezequias Morais"]
[Result "1-0"]
[WhiteElo "1842"]
[BlackElo "1748"]
[PlyCount "87"]
[EventDate "2013.08.30"]
[EventType "swiss"]
[EventRounds "6"]
[EventCountry "BRA"]
[SourceTitle "CBM 156 Extra"]
[Source "ChessBase"]
[SourceDate "2013.10.22"]
[SourceVersion "1"]
[SourceVersionDate "2013.10.22"]
[SourceQuality "1"]

1. e4 c5 2. d4 cxd4 3. c3 dxc3 4. Nxc3 e6 5. Bf4 Nc6 6. Nb5 Bb4+ 7. Bd2 Bxd2+ 8. Qxd2 Nge7 9. Nd6+ Kf8 10. Nf3 Qa5 11. Qxa5 Nxa5 12. Rd1 b6 13. Bb5 Nac6 14. 0-0 a6 15. Nxc8 Rxc8 16. Bxa6 Rc7 17. Rd6 Ng6 18. Rfd1 Ke7 19. Nd4 Nxd4 20. R1xd4 Rb8 21. Bb5 Ne5 22. f4 Nc6 23. Rd2 f6 24. g4 e5 25. Bxc6 dxc6 26. f5 Ra8 27. b3 Kf7 28. Rd7+ Rxd7 29. Rxd7+ Kf8 30. a4 Rb8 31. Rc7 c5 32. Kf2 Rd8 33. Rc6 Rb8 34. Ke3 Rb7 35. Kd3 Rd7+ 36. Kc3 Rb7 37. Kc4 Ke7 38. Kb5 Kd7 39. Rxb6 Rc7 40. a5 Ra7 41. a6 Kc7 42. Kxc5 h6 43. Rb7+ Rxb7 44. axb7 1-0

[Event "Cordeiropolis op 3rd"]
[Site "Cordeiropolis"]
[Date "2013.08.30"]
[Round "1"]
[White "Pereira, Ezequias Morais"]
[Black "Sztokbant, Bernardo Vainzoff"]
[Result "0-1"]
[WhiteElo "1748"]
[BlackElo "2209"]
[PlyCount "79"]
[EventDate "2013.08.30"]
[EventType "swiss"]
[EventRounds "6"]
[EventCountry "BRA"]
[SourceTitle "CBM 156 Extra"]
[Source "ChessBase"]
[SourceDate "2013.10.22"]
[SourceVersion "1"]
[SourceVersionDate "2013.10.22"]
[SourceQuality "1"]

1. d4 d5 2. c4 e6 3. Nc3 Be7 4. cxd5 exd5 5. Nf3 c6 6. Qc2 g6 7. e3 Bf5 8. Bd3 Bxd3 9. Qxd3 Nd7 10. 0-0 Ngf6 11. Rb1 a5 12. Bd2 0-0 13. Rfc1 Bd6 14. h3 Qe7 15. Ne1 Nh5 16. e4 dxe4 17. Qxe4 Qxe4 18. Nxe4 Bf4 19. g3 Bxd2 20. Nxd2 Rfd8 21. Nd3 Nf8 22. Ne4 Ne6 23. Rd1 Kg7 24. Nc3 Nf6 25. Rd2 Rd6 26. Rbd1 Rad8 27. Kf1 g5 28. Re1 h6 29. Ne2 h5 30. Rc2 Nd5 31. a3 Ne7 32. Ne5 Nf5 33. Nc4 Nfxd4 34. Nxd4 Nxd4 35. Rc3 Rd5 36. Re5 Rxe5 37. Nxe5 Rd5 38. Nd3 Ne6 39. Ne1 c5 40. Ng2 0-1

[Event "Mogi das Cruzes op 08"]
[Site "Mogi das Cruzes"]
[Date "2013.08.18"]
[Round "5"]
[White "Pereira, Ezequias Morais"]
[Black "Rodrigo da Silva, Edson"]
[Result "1/2-1/2"]
[WhiteElo "1748"]
[BlackElo "1998"]
[PlyCount "71"]
[EventDate "2013.08.16"]
[EventType "swiss"]
[EventRounds "6"]
[EventCountry "BRA"]
[SourceTitle "CBM 155 Extra"]
[Source "ChessBase"]
[SourceDate "2013.08.26"]
[SourceVersion "1"]
[SourceVersionDate "2013.08.26"]
[SourceQuality "1"]

1. d4 d5 2. Nf3 c5 3. e3 Nf6 4. Nbd2 Nc6 5. b3 cxd4 6. exd4 Bf5 7. Bb5 Qb6 8. c4 e6 9. 0-0 Be7 10. Bxc6+ bxc6 11. Re1 0-0 12. Bb2 h6 13. Ne5 Rfe8 14. Rc1 Rac8 15. Qe2 c5 16. cxd5 exd5 17. Qf3 Be6 18. dxc5 Bxc5 19. Qg3 Bd4 20. Bxd4 Qxd4 21. Qe3 Qxe3 22. fxe3 Rxc1 23. Rxc1 Bf5 24. Ndf3 Ng4 25. Nxg4 Bxg4 26. Kf2 Rc8 27. Rxc8+ Bxc8 28. Nd4 Bd7 29. Kf3 g5 30. e4 dxe4+ 31. Kxe4 Kf8 32. Ke5 Kg7 33. Nf5+ Kg6 34. Ne7+ Kg7 35. Nf5+ Kg6 36. Ne7+ 1/2-1/2

[Event "Mogi das Cruzes op 08"]
[Site "Mogi das Cruzes"]
[Date "2013.08.17"]
[Round "4"]
[White "Krongold, Breno"]
[Black "Pereira, Ezequias Morais"]
[Result "1/2-1/2"]
[WhiteElo "1649"]
[BlackElo "1748"]
[PlyCount "122"]
[EventDate "2013.08.16"]
[EventType "swiss"]
[EventRounds "6"]
[EventCountry "BRA"]
[SourceTitle "CBM 155 Extra"]
[Source "ChessBase"]
[SourceDate "2013.08.26"]
[SourceVersion "1"]
[SourceVersionDate "2013.08.26"]
[SourceQuality "1"]

1. e4 c5 2. Nf3 Nc6 3. d4 cxd4 4. Nxd4 e5 5. Nb5 a6 6. Nd6+ Bxd6 7. Qxd6 Qf6 8. Qd1 Qg6 9. Nc3 Nge7 10. Be3 d5 11. exd5 Nb4 12. Bd3 Nxd3+ 13. Qxd3 Bf5 14. Qe2 Qxg2 15. 0-0-0 Bg4 16. Qf1 Qxf1 17. Rdxf1 Bf3 18. Rhg1 Nxd5 19. Nxd5 Bxd5 20. Rxg7 0-0-0 21. b3 Rd6 22. Rd1 Rd7 23. c4 Be6 24. Rxd7 Kxd7 25. Kb2 b5 26. cxb5 axb5 27. Bg5 Kc6 28. Bf6 e4 29. Rxf7 Bxf7 30. Bxh8 b4 31. Bd4 Bh5 32. Be3 Be2 33. a3 bxa3+ 34. Kxa3 Kb5 35. b4 Bd1 36. Bc5 Kc4 37. Kb2 Ba4 38. Be7 Kd3 39. Ka3 Bb5 40. Kb3 Kd4 41. Kc2 Ba4+ 42. Kd2 Bb5 43. Bc5+ Kd5 44. Ke3 Ke5 45. Bf8 Bc6 46. Bg7+ Kd5 47. Kf4 Bd7 48. Kg5 Kc4 49. Bf8 Kd5 50. Kf6 Bg4 51. Bc5 Bf3 52. Be3 Kc4 53. Bc5 Kd5 54. Ke7 Kc4 55. Kd6 Kb5 56. Ke5 Kc6 57. h4 h5 58. Be3 Kb5 59. Bd2 Kc4 60. Kd6 Kb5 61. Kc7 Bg2 1/2-1/2

[Event "Altinopolis op 2nd"]
[Site "Altinopolis"]
[Date "2013.??.??"]
[Round "2"]
[White "Petri, Angelica Cristina"]
[Black "Pereira, Ezequias Morais"]
[Result "0-1"]
[WhiteElo "1555"]
[BlackElo "1743"]
[PlyCount "88"]
[EventDate "2013.03.22"]
[EventType "swiss"]
[EventRounds "6"]
[EventCountry "BRA"]
[SourceTitle "CBM 153 Extra"]
[Source "ChessBase"]
[SourceDate "2013.04.22"]
[SourceVersion "1"]
[SourceVersionDate "2013.04.22"]
[SourceQuality "1"]

1. d4 Nf6 2. c4 e6 3. Nc3 c5 4. d5 exd5 5. cxd5 d6 6. e4 g6 7. Nf3 Bg7 8. Bd3 0-0 9. 0-0 a6 10. Re1 b5 11. a3 Nbd7 12. Bg5 Re8 13. Re2 h6 14. Bh4 Qb6 15. Bc2 Bb7 16. Kh1 c4 17. Qd4 Qxd4 18. Nxd4 Nxd5 19. exd5 Bxd4 20. Rxe8+ Rxe8 21. Ne4 Bc5 22. Rd1 f5 23. Nxc5 dxc5 24. d6 Re2 25. Bb1 Kf7 26. f3 Ke6 27. Be7 Rxb2 28. Kg1 c3 29. Re1+ Kd5 30. g4 c2 31. Bxc2 Rxc2 32. gxf5 gxf5 33. f4 c4 34. h4 c3 35. a4 b4 36. h5 b3 37. Bd8 b2 38. Ba5 Rc1 39. Bxc3 b1Q 40. Rxc1 Qxc1+ 41. Kf2 Qxc3 42. Kg2 Qd2+ 43. Kf1 Kd4 44. a5 Qg2+ 0-1

[Event "Batatais op 2nd"]
[Site "Batatais"]
[Date "2011.12.18"]
[Round "6"]
[White "Pereira, Ezequias Morais"]
[Black "Jorge, Denrick Cabral Jose"]
[Result "1/2-1/2"]
[WhiteElo "1744"]
[BlackElo "1941"]
[PlyCount "108"]
[EventDate "2011.12.16"]
[EventType "swiss"]
[EventRounds "6"]
[EventCountry "BRA"]
[SourceTitle "EXT 2013"]
[Source "ChessBase"]
[SourceDate "2012.11.22"]
[SourceVersion "1"]
[SourceVersionDate "2012.11.22"]
[SourceQuality "1"]

1. d4 Nf6 2. Nf3 g6 3. c4 c5 4. e3 Bg7 5. Be2 0-0 6. 0-0 d6 7. Nc3 cxd4 8. exd4 Nc6 9. Re1 d5 10. h3 Bf5 11. Be3 Rc8 12. Rc1 dxc4 13. Bxc4 a6 14. Qe2 b5 15. Bd3 Bxd3 16. Qxd3 Nd5 17. Red1 Ncb4 18. Qb1 Nxe3 19. fxe3 Bh6 20. Qe4 Qd6 21. Kf2 e6 22. Ne5 Nd5 23. Nxd5 exd5 24. Qf3 f6 25. Nd3 Rce8 26. Re1 f5 27. Kg1 Rc8 28. Rc5 Rxc5 29. Nxc5 f4 30. e4 dxe4 31. Rxe4 Qd5 32. b3 Bg7 33. Qd3 Rd8 34. Kf1 Bxd4 35. Ne6 Re8 36. Qxd4 Qxd4 37. Rxd4 Rxe6 38. Rxf4 Rc6 39. a4 Kg7 40. axb5 axb5 41. Ke1 Rc2 42. Kf1 Rc1+ 43. Ke2 Rc2+ 44. Kf1 h6 45. Kg1 Rc3 46. Rb4 Rc5 47. Rf4 g5 48. Rd4 Kg6 49. Rd6+ Kg7 50. Rb6 Rf5 51. Rb7+ Kf6 52. Rb6+ Kg7 53. Rb7+ Kg6 54. Rb6+ Kg7 1/2-1/2

[Event "Nova Resende Chess School 1st"]
[Site "Nova Resende"]
[Date "2010.03.19"]
[Round "3"]
[White "Pereira, Ezequias Morais"]
[Black "Nery Junior, Jose Antonio"]
[Result "0-1"]
[WhiteElo "1753"]
[BlackElo "2027"]
[PlyCount "58"]
[EventDate "2010.03.19"]
[EventType "tourn"]
[EventRounds "9"]
[EventCountry "BRA"]
[SourceTitle "EXT 2022"]
[Source "ChessBase"]
[SourceDate "2021.10.06"]
[SourceVersion "1"]
[SourceVersionDate "2021.10.06"]
[SourceQuality "1"]

1. d4 Nf6 2. c4 c5 3. d5 e6 4. Nc3 exd5 5. cxd5 d6 6. e4 g6 7. Nf3 Bg7 8. Be2 0-0 9. 0-0 Bg4 10. h3 Bxf3 11. Bxf3 Nbd7 12. Bf4 Qe7 13. Re1 Ne5 14. Bxe5 Qxe5 15. Qc2 Rab8 16. a4 a6 17. a5 b5 18. axb6 Rxb6 19. Na4 Rb4 20. Nc3 Rfb8 21. Reb1 Ra8 22. Ra4 Nd7 23. Rxb4 cxb4 24. Na4 Qe8 25. Bg4 Ne5 26. f4 Nxg4 27. hxg4 Rc8 28. Qd1 Qxe4 29. Rc1 Qe3+ 0-1